Statistics for Random Trivia Quiz by Pictures #3

Click here to take the quiz!

General Stats

  • This quiz has been taken 22 times
  • The average score is 8 of 20

Answer Stats

Answer% Correct
Switzerland
95%
Atonement
79%
Gulf of Aden
79%
Idi Amin
79%
Borneo
68%
Flambé
58%
Hispaniola
53%
Atticus Finch
47%
Armenia
42%
Theatre of Dreams
42%
Simone Biles
37%
Aleph
26%
Aesop
16%
Christina
16%
Esther
11%
Giuseppe Verdi
11%
Hestia
11%
Noble Gas
11%
Zhengzhou
11%
Riemann zeta function
5%

Score Distribution

Percentile by Number Answered

Percent of People with Each Score

Your Score History

You have not taken this quiz